000 00392nam a2200133Ia 4500
005 20260328101523.0
008 260328s9999||||xx |||||||||||||| ||und||
100 _aCallender, Mary
245 0 _aCampus recreational sports facilities :
_b Planning, Design and Construction Guidelines /
_cMary Callender
260 _bNirsa
300 _a282 p.
650 _aARQUITECTURA DEPORTIVA
942 _cBK
999 _c9669
_d9669